A Criança, A Família e o Direito (Registo nº 199007)

Detalhes MARC
000 -Etiqueta do registo
Valores 00765nam 22002293 4500
010 ## - Número ISBN
ISBN 978-989-8662-61-3
021 ## - Número do Depósito Legal
Código do país Portugal
Número 375 979/14
100 ## - Dados gerais de processamento
Dados gerais 20251113d u||y0pory50 ba
101 ## - Língua de publicação
Língua Português
102 ## - País de publicação
País Portugal
200 ## - Titulo e menção de responsabilidade
Título próprio A Criança, A Família e o Direito
Informação de outro título De onde viemos. Onde estamos. Para onde vamos?
Primeira menção de responsabilidade Eliana Gersão
Outras menções de responsabilidade Revisão de João Pedro George
205 ## - Menção da edição
Edição
210 ## - Publicação
Local de publicação Lisboa
Nome do editor Fundação Francisco Manuel dos Santos
Data de publicação 2014
215 ## - Descrição física 
Paginação / Volumes 131, [1] p.
Outras indicações físicas Brochado
Dimensões 24 cm
606 ## - Nome comum usado como assunto
ID Autoridade 14911
Palavra de ordem Ciências Sociais
Subdivisão assunto Direito Civil
675 ## - CDU
Notação 347.63/.64(469)/GER/CRI
Edição PT
Língua por
700 ## - Autor principal (pessoa individual)
ID Autoridade 14913
Apelido Gersão
Nome Eliana
Datas 1941-
801 ## - Fonte de origem
País PT
Agência BMMN
Regras de catalogação RPC
830 ## - Notas gerais do catalogador
Criado por Carlos Pinto
Data de criação 13-11-2025
Indexado por Carlos Pinto
990 ## - Elementos KOHA
Tipo de documento Livro
Exemplares
Situação do levantamento Biblioteca de origem Código de barras Cota Permissão de empréstimo Tipo de documento Forma de aquisição
  Escola Secundária de Montemor-o-Novo 27678 347.63/.64(469)/GER/CRI   Livro Compra

Powered by Koha